000
00220 a2200097 4500
001
35037
100
_a
RAI G D
245
_a
Solar Energy Utilization Non-conventional
260
_a
ND
_b
BPB Pub
_c
090
_c
23185
_d
23185
942
_a
NUST-CAE
_c
M
_c
14653
999
_c
270110
_d
270110